000
00295nam a2200121Ia 4500
008
191201s2011 xx 000 0 und d
100
_a
TENENBAUM, Aaron M
245
0
_a
Data structures using C
250
_a
IMP 11th
260
_c
2011
_b
pearson
_a
NEW DELHI
300
_a
656
942
_2
ddc
_c
BK
_0
19
999
_c
7775
_d
7775